| 000 | 01234nam0a2200361 4500 | ||
|---|---|---|---|
| 001 | RU\NLR\bibl\255704 | ||
| 005 | 20250620124313.0 | ||
| 010 |
_a5-94435-040-7 _bВ пер. _95030 |
||
| 021 |
_aRU _b2001-60866 _92970 |
||
| 035 | _a(NLR Aleph) 000251459 | ||
| 090 |
_a1467332 _c1467332 |
||
| 100 | _a20020419d2001 |||y0rusy50 ca | ||
| 101 | 0 | _arus | |
| 102 | _aRU | ||
| 105 | _aa ||||||||| | ||
| 200 | 1 | _aФранцузская кухня | |
| 210 |
_aСПб. _cВесь _d2001 |
||
| 215 |
_a266 с., [3] л. ил. _d24 |
||
| 225 | 1 | _aДобрые вести | |
| 320 | _aУказ. рецептов: с. 256-266 | ||
| 606 | 0 |
_aКулинарное производство _xФранцузская кухня _91455044 _3RU\NLR\auth\66616831 |
|
| 606 | 0 |
_aФранцузская кухня _92101102 _3RU\NLR\auth\661270716 |
|
| 610 | 0 | _aНациональные блюда французские | |
| 610 | 0 | _aКулинария - Рецептура | |
| 675 |
_a641.568(44)(083.12) _v3 _zrus |
||
| 686 |
_a36.997 _2rubbk |
||
| 686 | _aЛ997(3)Французская | ||
| 801 | 0 |
_aRU _bRKP _c20020419 _gPSBO |
|
| 801 | 1 |
_aRU _bRKP _c20020419 |
|
| 801 | 2 |
_aRU _bNLR _c20020527 _grcr |
|
| 942 | _cBOOK | ||
| 980 | _aNB | ||